Extensión y transferencia de tecnología

Guardado en:
書目詳細資料
格式: Texto
標簽: 添加標簽
沒有標簽, 成為第一個標記此記錄!

MARC

LEADER 00000 a a2200000 04500
001 4910
003
040
245 |a Extensión y transferencia de tecnología  
773 |g volumen 7, número 1; páginas 5-20  
999 |c 32648  |d 32648